Statistics for Beatles Songs by Synopsis

Click here to take the quiz!

General Stats

  • This quiz has been taken 14,643 times
  • The average score is 10 of 17

Answer Stats

Synopsis Song % Correct
Mother Mary has three words of wisdomLet it Be
94%
Man is happy to return to the Soviet UnionBack in the U.S.S.R.
84%
All the days in week are not enough to show one's loveEight Days a Week
78%
Lonely people have unattended funerals and unheard sermonsEleanor Rigby
78%
I am the eggman, they are the eggmen, but I am also something else, goo goo goo joobI Am the Walrus
74%
Quaint suburban street has a barber, banker, fireman, and a nursePenny Lane
66%
Aspiring author wants you to publish his bookPaperback Writer
63%
As sexagenarians, a couple will own a cottage on the Isle of Wight (if it's not too dear)When I'm Sixty-Four
58%
Taxes in the United Kingdom are too dang high!Taxman
53%
Man has a crush on a woman who writes parking ticketsLovely Rita
50%
A warm firearm can bring contentmentHappiness is a Warm Gun
46%
It takes 4,000 holes to fill the Albert HallA Day in the Life
41%
Woman only takes short journeys, a Sunday driver yeahDay Tripper
40%
Boy wants to get halfway to first base with a girlI Want to Hold Your Hand
39%
Dakota boy tries to shoot off the legs of his rival, but gets shot firstRocky Raccoon
39%
Woman may be a lover but she ain't no dancerHelter Skelter
35%
Frantic Englishman wants his Hollywood crush to sail across the AtlanticHoney Pie
14%

Score Distribution

Percentile by Number Answered

Percent of People with Each Score

Your Score History

You have not taken this quiz